000 01900nam a2200553 i 4500
001 46142
003 KOSZ 005
005 20240405063151.0
008 030509s2003 pl a f |000 0 pol
015 _aPB 2003/8352
020 _a8388597981
035 _a991020717039705066
035 _a(PL-WaBN)b15614906-48omnis_nlop
035 _ab15614906
035 _a(OCoLC)749286050
035 _a(PL)b0000001561490
035 _a(EXLNZ-48OMNIS_NETWORK)9910127444805606
040 _aWA N
_cWA N
_dKOSZ 005/HR
041 0 _apol
046 _k2003
080 _a658.3
080 _a331.5
080 _a005.95/.96
080 _a(07)
245 0 0 _aNajlepsze praktyki zarządzania zasobami ludzkimi w Polsce :
_bdrugi zestaw studiów przypadków /
_cpod red. Aleksego Pocztowskiego ; [aut. Marta Bieryło et al.].
260 _aKraków :
_bOficyna Ekonomiczna. Oddział Polskich Wydawnictw Profesjonalnych :
_b"ABC",
_c2003.
300 _a265, [2] s. :
_bil. ;
_c24 cm.
336 _2rdacontent
_aTekst
_btxt
337 _2rdamedia
_aBez urządzenia pośredniczącego
_bn
338 _2rdacarrier
_aWolumin
_bnc
380 _aKsiążki
388 _a2001-
490 1 _aZarządzanie Zasobami Ludzkimi (HR)
648 _a1901-2000
648 _a2001-
650 7 _aZarządzanie zasobami ludzkimi (HRM)
650 7 _aZatrudnienie
650 7 _aPrzedsiębiorstwo
655 7 _aCase study (studium przypadku)
658 _aZarządzanie i marketing
648 _a1989-2000
655 7 _aPodręcznik
_2DBN
700 1 _aBieryło, Marta
_eAutor
700 1 _aPocztowski, Aleksy
_d(1956- )
_eRedakcja
856 _uhttp://koha.tu.koszalin.pl/cgi-bin/koha/opac-detail.pl?biblionumber=46142
_yKatalog online BPK
830 0 _aZarządzanie Zasobami Ludzkimi HR
942 _2UKD
_cKS
999 _c46142
_d46142